| 000 | 00607nam a2200181 i 4500 | ||
|---|---|---|---|
| 001 | 69628 | ||
| 003 | ES-MaACL | ||
| 005 | 20250827062545.0 | ||
| 007 | t| | ||
| 008 | 040708s1982 sp ||||1| spa d | ||
| 100 | 1 |
_aGarcía Ferrando, Manuel. _954609 |
|
| 245 | 1 | 0 |
_aSocioestadística _b: introducción a la estadística en sociología / _cManuel García Ferrando. |
| 260 |
_aMadrid : _bCentro de Investigaciones Sociológicas, _c1982. |
||
| 300 |
_a465 p. ; _c24 cm. |
||
| 710 | 2 |
_aCentro de Investigaciones Sociológicas (España) _92708 |
|
| 852 |
_aES-MaACL _jL-3310 _bR.104275 |
||
| 999 |
_c69628 _d69628 |
||